000 00552nam a22001937a 4500
003 KOHA_MİRAKIL
005 20251224165050.0
008 251224b tu ||||| |||| 00| 0 tur d
020 _a9789751416711
040 _aTR-AnABB
_btur
_cTR-AnABB
041 _atur
082 _a323.2
_bBAS 2015
100 1 _aBaşbuğ, İlker,
245 1 0 _aErmeni suçlamaları ve gerçekler /
_cİlker Başbuğ
260 _aİstanbul :
_bRemzi Kitabevi,
_c2015
300 _a238 sayfa ;
_c23 cm
650 0 4 _aErmeni Türkiye İlişkisi
942 _2ddc
_cBK
999 _c9974
_d9974
900 _bGizem YORULMAZ